000 00971nam a2200253Ia 4500
003 OSt
005 20221005105804.0
006 a|||||r|||| 00| 0
007 ta
008 221004b |||||||| |||| 00| 0 hin d
020 _a8171380115 (hbk)
_c200
024 _a101509
037 _b371, 04/03/2010, Swaraj Prakashan
_cTextual
040 _aCRL
_cCRL
_bhin
041 _2hin
_ahin
082 _a4(P152), 152P6
100 _aअमरेंद्र कुमार, संपा.
245 0 _aइक्कीसवीं सदी और हिंदी पत्रकारिता
246 _aIkkīsavīan sadī aur hiandī patrakāritā
260 _aनई दिल्ली
_bसामयिक प्रकाशन भारत
_c2006
300 _a208पृ0
_ccm.
942 _h4(P152), 152P6
_cTEXL
_2cc
999 _c1016905
_d1016905